000 00171nam a2200073Ia 4500
008 170524s9999 xx 000 0 und d
100 _aLALL- MADHURIMA
245 0 _aENTREPRENURSHIP
260 _bEXCEL BOOKS
999 _c8166
_d8166